000 02804cam a2200421 a 4500
999 _c63964
_d63964
001 14166795
003 CO-MdFUSB
005 20180622170022.0
008 051110t20061997pau f b 001 0 eng
010 _a 2005031390
020 _a9781932031966 (pbk. : alk. paper)
020 _a1932031960 (pbk. : alk. paper)
040 _aDLC
_cCO-MdFUSB
_dCO-MdFUSB
_bspa
_erda
041 _aeng
082 0 0 _224
_aG 261.515
_bJ44h
100 1 _aJeeves, Malcolm A.,
_d1926-
_eautor
240 1 0 _aHuman nature at the millennium
245 1 0 _aHuman nature
_b: reflections on the integration of psychology and Christianity
_c/ Malcolm A. Jeeves
264 1 _aPhiladelphia :
_bTempleton Foundation Press,
_c℗2006
264 4 _c©1997
300 _axvii, 245 páginas ;
_c23 cm.
_b:
336 _2rdacontent
_a1
_ba1
337 _2rdamedia
_a2
_b5
338 _2rdacarrier
_a2
_b5
500 _aOriginally published: Human nature at the millennium. Grand Rapids, Mich. : Baker Books ; Leicester, UK : APOLLOS, c1997. With new pref.
501 _aIncluye índice (p. 241- 245)
505 0 _aApproaching modern psychology -- Science and faith: learning from the past -- Neuropsychology: linking mind and brain -- Neuropsychology and spiritual experience -- Linking the brain and behavior -- Human nature: biblical and psychological portraits -- Human nature and animal nature: are they different? -- Personology and psychotherapy: confronting the challenges -- Human needs: psychological and theological perspectives -- Consciousness now: a contemporary issue -- Explaining consciousness now: a contemporary issue -- Determinism, freedom, and responsibility -- The future of science and faith: beyond perspectivalism?
505 0 _aAproximación a la psicología moderna -- Ciencia y fe: aprender del pasado -- Neuropsicología: conectar mente y cerebro -- Neuropsicología y experiencia espiritual -- Vincular el cerebro y el comportamiento -- Naturaleza humana: retratos bíblicos y psicológicos -- Naturaleza humana y naturaleza animal : ¿Son diferentes? -- La personalidad y la psicoterapia: afrontar los desafíos -- Las necesidades humanas: perspectivas psicológicas y teológicas -- La conciencia ahora: un tema contemporáneo -- Explicar la conciencia ahora: un tema contemporáneo -- Determinismo, libertad y responsabilidad -- El futuro de la ciencia y la psicología Fe: más allá del perspectivismo?
650 7 _aPsicología y religión
_9229
653 _aAntropología teológica
906 _a7
_bcbc
_corignew
_d1
_eecip
_f20
_gy-gencatlg
942 _cBK